Mechanické vlastnosti a skúšanie kovov /
Na minha lista:
| Autor principal: | |
|---|---|
| Formato: | Livro |
| Idioma: | eslovaco |
| Publicado em: |
Bratislava :
Alfa,
1985
|
| Colecção: | Edícia hutníckej literatúry
|
| Tags: |
Sem tags, seja o primeiro a adicionar uma tag!
|
MARC
| LEADER | 00000nam a22000003a 4500 | ||
|---|---|---|---|
| 001 | stu2695 | ||
| 005 | 20150617225615.6 | ||
| 008 | 921208s1985----cs------------------slo-d | ||
| 040 | |a STU |b slo | ||
| 041 | 0 | |a slo | |
| 044 | |a cs | ||
| 080 | |a 620.17 | ||
| 080 | |a 669.017 | ||
| 100 | 1 | |a Veles, Pavol |4 aut | |
| 245 | 1 | |a Mechanické vlastnosti a skúšanie kovov / |c [aut.] Veles,P | |
| 260 | |a Bratislava : |b Alfa, |c 1985 | ||
| 300 | |a 400 s | ||
| 830 | 0 | |a Edícia hutníckej literatúry | |
| 996 | |c V*31504/O-12852 |l VV9 |s P |a 0 |w stu2695_0001 | ||
| 996 | |b E56943 |c E*56943 |l EE05 |s P |a 0 |w stu2695_0002 | ||
| 996 | |b E56944 |c E*56944 |l EE05 |s P |a 0 |w stu2695_0003 | ||
| 996 | |b E67196 |c E*67196 |l EE15 |s P |a 0 |w stu2695_0004 | ||
| 996 | |c V*31237/O-12707 |l VV9 |s P |a 0 |w stu2695_0005 | ||